000 00627nam a2200193 i 4500
001 94758
003 ES-MaACL
005 20251110063225.0
007 t|
008 050513s1966 sp ||||1| spa d
100 1 _aLubac, Henri de,
_d1896-1991
_974490
245 1 3 _aLa creación de Teilhard de Chardin /
_cHenri de Lubac; traducción castellana de Salvador Cabré.
260 _aBarcelona :
_bEstela,
_c1966.
300 _a228 p. ;
_c20 cm.
600 1 4 _aTeilhard de Chardin, Pierre,
_d1881-1955
_9109521
700 1 _aCabré, Salvador.
_933264
852 _aES-MaACL
_jG-15760
_bR.59951
999 _c94758
_d94758